You & I - One Direction (All Lyrics) - Statistics

General Stats
  • This quiz has been taken 219 times
  • The average score is 225 of 263
Answer Stats
Lyrics % Correct
a
100%
and
100%
I
100%
I,
100%
you
99%
it
97%
the
97%
be
95%
we
95%
can
93%
no,
93%
not
93%
us?
93%
us
93%
us,
93%
us)
93%
between
92%
end
92%
like
92%
come
91%
nothing
91%
don't
89%
make
89%
of
89%
them
89%
even
88%
two
88%
(two
88%
above
86%
to
86%
out
85%
oh,
84%
'til
84%
til'
84%
from
83%
Gods
83%
they
83%
wanna
83%
figured
81%
black
79%
white
79%
know
77%
in
75%
never
74%
fight
72%
it's
72%
see
71%
ever
70%
how
70%
try,
70%
'cause
68%
day
68%
goes
68%
seconds
68%
hours
67%
what
67%
night
66%
did
65%
for
65%
time
65%
seperate
64%
some
62%
right
61%
together
61%
middle
60%
each
59%
sound
59%
take
59%
different
58%
hold
58%
other
58%
up
58%
wrong
58%
always
57%
down
57%
silence
57%
light
56%
had
55%
maybe
55%
meet
55%
mistakes
55%
tight
55%
if
54%
could
52%
there's
52%
things
52%
tried
51%
room
49%
ground
48%
saw
46%
common
45%
No matching quizzes found
Score Distribution
Percent of People with Each Score
Percentile by Number Answered
Your Score History
You have not taken this quiz